Baroque sculpture (Record no. 2542)

MARC details
000 -CABECERA
campo de control de longitud fija 00673nam a2200217 a 4500
001 - NÚMERO DE CONTROL
campo de control BRCA_2802
005 - FECHA Y HORA DE LA ÚLTIMA TRANSACCIÓN
campo de control 20190320203957.0
008 - DATOS DE LONGITUD FIJA--INFORMACIÓN GENERAL
campo de control de longitud fija 081208s1959----enka---###---#000-0#eng-u
050 #4 - SIGNATURA TOPOGRÁFICA DE LA BIBLIOTECA DEL CONGRESO
Número de clasificación NB529
Número de documento/Ítem .S74 1959
100 1# - ENTRADA PRINCIPAL--NOMBRE DE PERSONA
Nombre de persona Stech, Vaclav Vilem
9 (RLIN) 7866
245 10 - MENCIÓN DE TÍTULO
Título Baroque sculpture
Mención de responsabilidad, etc. V. V. Stech ; tr. by Roberta Finlayson Samsour.
260 ## - PUBLICACIÓN, DISTRIBUCIÓN, ETC.
Lugar de publicación, distribución, etc. London
Nombre del editor, distribuidor, etc. Spring Books
Fecha de publicación, distribución, etc. 1959
300 ## - DESCRIPCIÓN FÍSICA
Extensión 132 p.
Otras características físicas il., 203 láminas
Dimensiones 25 cm.
500 ## - NOTA GENERAL
Nota general Incluye índice de ilustraciones numérico 7-17.
500 ## - NOTA GENERAL
Nota general AA101
650 14 - PUNTO DE ACCESO ADICIONAL DE MATERIA--TÉRMINO DE MATERIA
Término de materia o nombre geográfico como elemento de entrada Escultura barroca
9 (RLIN) 7867
650 14 - PUNTO DE ACCESO ADICIONAL DE MATERIA--TÉRMINO DE MATERIA
Término de materia o nombre geográfico como elemento de entrada Escultura
Subdivisión general Bohemia
9 (RLIN) 7868
700 1# - PUNTO DE ACCESO ADICIONAL--NOMBRE DE PERSONA
Nombre de persona Finlayson Samsour, Roberta
Término indicativo de función/relación tr.
9 (RLIN) 7869
902 ## - CATALOGADOR
Iniciales GFM
942 ## - ELEMENTOS DE PUNTO DE ACCESO ADICIONAL (KOHA)
Fuente del sistema de clasificación o colocación Library of Congress Classification
Tipo de ítem Koha Libros
Holdings
Estado de retiro Estado de pérdida Estado dañado No para préstamo Localización permanente Ubicación/localización actual Fecha de adquisición Número de inventario Total de préstamos Signatura topográfica completa Código de barras Fecha visto por última vez Precio válido a partir de Tipo de ítem Koha
El ejemplar forma parte de la colección y puede ser consultado según las políticas vigentes.       Biblioteca del Museo Franz Mayer (Rogerio Casas-Alatriste) Biblioteca del Museo Franz Mayer (Rogerio Casas-Alatriste) 08/12/2008 AA101   NB529 .S74 1959 (AA101) 2799 22/03/2019 22/03/2019 Libros